| 000 | 00630 a2200181 4500 | ||
|---|---|---|---|
| 020 | _a0849385814 | ||
| 040 |
_aDLC _bDLC |
||
| 082 | 0 | 0 | _a621.31042 |
| 100 | 1 | _aGross, Charles A. | |
| 245 | 1 | 0 |
_aElectric machines _cCharles A. Gross |
| 260 |
_aBoca Raton, FL : _bCRC Press, _cc2007. |
||
| 300 |
_a450 p. : _bill. ; _c27 cm. |
||
| 440 | 0 | _aElectric power engineering series | |
| 650 | 0 | _aElectric machinery. | |
| 856 | 4 | 1 |
_3Table of contents only _uhttp://www.loc.gov/catdir/toc/ecip066/2006000146.html |
| 856 | 4 | 1 |
_3Publisher description _uhttp://www.loc.gov/catdir/enhancements/fy0654/2006000146-d.html |
| 942 |
_cBK _k621.31042 _2ddc |
||
| 999 |
_c7922 _d7922 |
||